Fazer fracções (Registo nº 4283)
[ vista simples ]
| 000 -Etiqueta do registo | |
|---|---|
| Cabeçalho | 00900nam a2200325 4500 |
| 005 - Identificador da versão | |
| Campo de controlo | 20240813122057.0 |
| 010 ## - Número internacional normalizado dos livros (ISBN) | |
| Número (ISBN) | 9789728629748 |
| Número (ISBN) | 972-8629-74-5 |
| 021 ## - Número do Depósito Legal | |
| Código do país | PT |
| Número | 246679/06 |
| 100 ## - Dados gerais de processamento | |
| Dados gerais de processamento | 20080317d2007 c y0pory5003 ba |
| 102 ## - Pais de publicação ou produção | |
| País de publicação | Portugal |
| 101 1# - Língua de publicação | |
| Língua do texto, banda sonora, etc. | Português |
| Língua do documento no original | Inglês |
| 106 ## - Campo de dados codificados: material textual | |
| Dados codificados do material textual | r |
| 105 ## - Campo de dados codificados: livros | |
| Dados codificados dos livros | a z 001yy |
| 215 ## - Descrição física | |
| Indicação específica da natureza do documento e extensão da espécie | 32 p. |
| Outras indicações físicas | il. |
| Dimensões | 27 cm |
| 200 1# - Titulo e menção de responsabilidade | |
| Título próprio | Fazer fracções |
| Primeira menção de responsabilidade | Andrew King |
| Outras menções de responsabilidade | fot. Roger Vlitos |
| -- | il. Tony Kenyon |
| 225 1# - Colecção | |
| Título próprio da colecção | Matemática divertida |
| 210 ## - Publicação, Distribuição, etc. | |
| Lugar da edição, distribuição, etc. | Massamá |
| Nome do editor, distribuidor, etc. | Sistema J. |
| Data da publicação, distribuição, etc. | cop. 2007 |
| 304 ## - Notas relativas a título e menção de responsabilidade | |
| Texto da nota | Tít. orig.: Making fractions |
| 675 ## - Classificação Decimal Universal (CDU) | |
| Notação | 087.5 |
| Edição | BN |
| Língua da edição | por |
| Notação | 51(0.053.5) |
| Edição | BN |
| Língua da edição | por |
| Notação | 37.03 |
| Edição | BN |
| Língua da edição | por |
| 702 #1 - Nome de autor-pessoa física (responsabilidade secundária) | |
| Número de registo de entrada de autoridade | 0001029 |
| Palavra de ordem | Vlitos |
| Outra parte do nome não tomada para palavra de ordem | Roger |
| Código de função | Fotógrafo |
| Número de registo de entrada de autoridade | 0001030 |
| Palavra de ordem | Kenyon |
| Outra parte do nome não tomada para palavra de ordem | Tony |
| Código de função | Ilustrador / Técnico de desenho computorizado |
| 700 #1 - Nome de autor-pessoa física (responsabilidade principal) | |
| Número de registo de entrada de autoridade | 0001028 |
| Palavra de ordem | King |
| Outra parte do nome não tomada para palavra de ordem | Andrew |
| 942 ## - Elementos de entrada adicionados (Koha) | |
| Tipo de item no Koha | Livro |
| Situação do levantamento | Origin of item (home branch) (coded) | Biblioteca de empréstimo | Código de barras | Cota | Circulation type (not for loan) | Tipo de documento | Nota do exemplar | Damaged status |
|---|---|---|---|---|---|---|---|---|
| Biblioteca Escolar das Vendas | Biblioteca Escolar das Vendas | BEV1544 | 5MAT KIN | Livro | Sem mensagem |
